Breve historia universal (hasta el año 2000

Đã lưu trong:
Chi tiết về thư mục
Tác giả chính: Krebs Wilckens, Ricardo (autor)
Định dạng: Sách
Ngôn ngữ:Tiếng Anh
Được phát hành: Santiago, Chile: Universitaria, 2013
Phiên bản:Vigesimotercera edición
Loạt:El Saber y la Cultura
Những chủ đề:
Các nhãn: Thêm thẻ
Không có thẻ, Là người đầu tiên thẻ bản ghi này!

MARC

LEADER 00000nam a22000007a 4500
003 CL-VaPUC
005 20250416124840.0
008 250416t2013 ||||| |||| 00| 0 eng d
999 |c 449093  |d 449091 
020 |a 9789561119024 
040 |c Pontificia Universidad Católica de Valparaíso 
082 0 4 |2 21  |a 909 KRE 2013 
100 1 |a Krebs Wilckens, Ricardo  |e autor  |9 902160 
245 1 0 |a Breve historia universal (hasta el año 2000 
250 |a Vigesimotercera edición 
260 |a Santiago, Chile:  |b Universitaria,  |c 2013 
300 |a 521 páginas 
490 0 |a El Saber y la Cultura 
583 |c 20250416  |k Valeria Valenzuela 
650 1 |a Historia universal  |9 266877 
942 |2 ddc  |c BK 
952 |0 0  |1 0  |3 erb  |4 0  |6 909_000000000000000_KRE_2013  |7 0  |8 A  |9 456879  |a BIBDER  |b BIBDER  |i 5082005  |l 1  |o 909 KRE 2013  |p 5082005  |r 2023-01-25  |s 2020-03-03  |w 2019-11-22  |y BK  |z Catalogado en:20140605  |k DER 
952 |0 0  |1 0  |3 erb  |4 0  |6 909_000000000000000_KRE_2013  |7 0  |8 A  |9 456880  |a BIBDER  |b BIBDER  |i 5082013  |o 909 KRE 2013  |p 5082013  |r 2023-01-25  |w 2019-11-22  |y BK  |z Catalogado en:20140605  |k DER 
952 |0 0  |1 0  |3 erb  |4 0  |6 909_000000000000000_KRE_2013  |7 0  |8 A  |9 456882  |a BIBDER  |b BIBDER  |i 508203K  |o 909 KRE 2013  |p 508203K  |r 2023-01-25  |w 2019-11-22  |y BK  |z Catalogado en:20140605  |k DER 
952 |0 0  |1 0  |3 erb  |4 0  |6 909_000000000000000_KRE_2013  |7 0  |8 A  |9 456883  |a BIBDER  |b BIBDER  |i 5082048  |o 909 KRE 2013  |p 5082048  |r 2023-01-25  |w 2019-11-22  |y BK  |z Catalogado en:20140605  |k DER